[Event "European Blitz Championship 2021"]
[Site "Katowice"]
[Date "2021.12.17"]
[Round "12"]
[White "Czernek, Tymon"]
[Black "Wisniewski, Michal"]
[Result "1-0"]
[WhiteElo "2197"]
[BlackElo "2215"]
[Annotator "NA"]
[PlyCount "99"]
[EventDate "2021.12.17"]
[EventType "swiss"]
[EventCountry "POL"]
[SourceTitle "playchess.com"]
[Source "ChessBase"]
[SourceQuality "1"]

1. e4 Nf6 2. e5 Nd5 3. c4 Nb6 4. d4 d6 5. exd6 cxd6 6. Nf3 g6 7. Nc3 Bg7 8. Be3
O-O 9. Be2 Nc6 10. O-O Bg4 11. b3 d5 12. c5 Nc8 13. h3 Bxf3 14. Bxf3 e6 15. Ne2
N8e7 16. Ng3 a5 17. Qd2 a4 18. b4 a3 19. Rab1 Ra4 20. Bd1 Ra7 21. Be2 h5 22.
Bb5 h4 23. Ne2 Nf5 24. Bxc6 bxc6 25. Bf4 Rb7 26. Qd3 Qa8 27. Rb3 Qa4 28. Rxa3
Qb5 29. Qd1 Qc4 30. Rc3 Qxa2 31. Rb3 Qa4 32. Qd3 Ra8 33. Rfb1 Qb5 34. Qd1 Ra4
35. Nc3 Qa6 36. Nxa4 Qxa4 37. b5 cxb5 38. c6 Ra7 39. c7 Ne7 40. Rxb5 Qxd4 41.
Qxd4 Bxd4 42. Rb8+ Kg7 43. Re8 e5 44. Rxe7 exf4 45. c8=Q Rxe7 46. Qg4 Re4 47.
Qf3 f5 48. Rd1 g5 49. Rxd4 Rxd4 50. Qc3 1-0

[Event "European Blitz Championship 2021"]
[Site "Katowice"]
[Date "2021.12.17"]
[Round "12"]
[White "Masternak, Grzegorz"]
[Black "Grzesik, Gracjan"]
[Result "0-1"]
[WhiteElo "2188"]
[BlackElo "2208"]
[Annotator "NA"]
[PlyCount "124"]
[EventDate "2021.12.17"]
[EventType "swiss"]
[EventCountry "POL"]
[SourceTitle "playchess.com"]
[Source "ChessBase"]
[SourceQuality "1"]

1. e4 c5 2. Nc3 Nc6 3. g3 g6 4. Bg2 Bg7 5. d3 e6 6. Be3 d6 7. Qd2 h6 8. f4 Nge7
9. Nf3 Nd4 10. O-O O-O 11. Rae1 Kh7 12. Ne2 Nec6 13. g4 f5 14. h3 Bd7 15. Ng3
Nxf3+ 16. Bxf3 Nd4 17. Bd1 Rc8 18. c3 Nc6 19. Rf2 b6 20. Rg2 Bh8 21. d4 cxd4
22. cxd4 fxe4 23. Nxe4 Qe7 24. Bc2 d5 25. Ng3 Qb4 26. Bb1 Qxd2 27. Rxd2 Na5 28.
b3 Nc6 29. h4 Bf6 30. h5 Be8 31. Bf2 Nd8 32. Be3 Kg7 33. g5 hxg5 34. fxg5 Be7
35. h6+ Kh8 36. Red1 Nb7 37. Rc2 Rxc2 38. Bxc2 Nd6 39. Bc1 Nf5 40. Bxf5 gxf5
41. Re1 Bf7 42. Bf4 Rg8 43. Be5+ Kh7 44. Bf6 Bxf6 45. gxf6 Rxg3+ 46. Kf2 Rh3
47. Rg1 Rh2+ 48. Kf3 Kxh6 49. Rg7 Bh5+ 50. Kg3 Rxa2 51. Re7 Kg6 52. Rxe6 Kf7
53. Rd6 Ra5 54. Kf4 Bg4 55. Ke5 Bh5 56. Rd7+ Ke8 57. Ke6 Ra1 58. f7+ Bxf7+ 59.
Rxf7 Re1+ 60. Kf6 a5 61. Rb7 f4 62. Rxb6 f3 0-1

[Event "European Blitz Championship 2021"]
[Site "Katowice"]
[Date "2021.12.17"]
[Round "12"]
[White "Niedbala, Bartlomiej"]
[Black "Mirski, Michal"]
[Result "0-1"]
[WhiteElo "2179"]
[BlackElo "2039"]
[Annotator "NA"]
[PlyCount "141"]
[EventDate "2021.12.17"]
[EventType "swiss"]
[EventCountry "POL"]
[SourceTitle "playchess.com"]
[Source "ChessBase"]
[SourceQuality "1"]

1. Nf3 Nf6 2. g3 e6 3. Bg2 d5 4. O-O Be7 5. d3 O-O 6. Nbd2 b6 7. e4 Bb7 8. e5
Nfd7 9. Re1 c5 10. Nf1 Nc6 11. Bf4 Re8 12. h4 d4 13. N1h2 Nb4 14. a3 Nd5 15.
Bg5 Bxg5 16. hxg5 Nf8 17. Ng4 Ng6 18. Qd2 Nde7 19. a4 Nf5 20. Qe2 Bd5 21. Qd2
Qe7 22. b3 Qb7 23. Qe2 Qc6 24. Ngh2 a6 25. Bh3 Nfe7 26. Nd2 b5 27. f4 Nf5 28.
Nhf1 Rac8 29. Qf2 c4 30. g4 Nfe7 31. f5 Nf8 32. axb5 axb5 33. bxc4 bxc4 34.
Qxd4 cxd3 35. c4 Bxc4 36. Rac1 Qd5 37. Rxc4 Rxc4 38. Qxc4 Qa5 39. Qxd3 Rd8 40.
Qe2 Nd5 41. Qf2 Nc3 42. Bg2 Rd3 43. Re3 Rd4 44. Rg3 Rd7 45. Ne4 Nd1 46. Qf4
Qb6+ 47. Kh2 Qb2 48. Ne3 Qe2 49. Nxd1 Rxd1 50. Qf2 Qc4 51. g6 hxg6 52. f6 Nh7
53. fxg7 Kxg7 54. Rf3 Qc7 55. Nd6 f5 56. gxf5 exf5 57. Rg3 Kh8 58. Rh3 Kg7 59.
Qf4 Qe7 60. Qh6+ Kg8 61. Qxg6+ Kh8 62. Qg3 f4 63. Qxf4 Re1 64. Qf6+ Qxf6 65.
exf6 Kg8 66. Bd5+ Kf8 67. f7 Nf6 68. Bb3 Re2+ 69. Kg1 Re1+ 70. Kf2 Rb1 71. Rh8+
0-1

[Event "European Blitz Championship 2021"]
[Site "Katowice"]
[Date "2021.12.17"]
[Round "12"]
[White "Paszewski, Mateusz"]
[Black "Balog, Imre"]
[Result "0-1"]
[WhiteElo "2177"]
[BlackElo "2573"]
[Annotator "ChessBase"]
[PlyCount "86"]
[EventDate "2021.12.17"]
[EventType "swiss"]
[EventCountry "POL"]
[SourceTitle "playchess.com"]
[Source "ChessBase"]
[SourceQuality "1"]

1. Nf3 d5 2. e3 Nf6 3. c4 c6 4. Nc3 g6 5. b3 Bg7 6. Bb2 O-O 7. Be2 a6 8. O-O b5
9. Rc1 Nbd7 10. cxd5 cxd5 11. Nd4 Bb7 12. f4 e5 13. fxe5 Nxe5 14. Nf3 Nc6 15.
Nb1 Re8 16. Na3 Rc8 17. Nc2 Qd6 18. Ncd4 Ne7 19. Rxc8 Rxc8 20. Qa1 Ne8 21. Rc1
Rd8 22. Rc2 Bc8 23. Qc1 Bd7 24. Ba3 b4 25. Bb2 a5 26. Rc5 Ra8 27. Qc2 Qb6 28.
Bb5 Bxb5 29. Rxb5 Qa6 30. Rc5 a4 31. Nc6 Nxc6 32. Rxc6 axb3 33. axb3 Qe2 34. h3
Bxb2 35. Qxb2 Qb5 36. Qc2 Qb7 37. Ne5 Qe7 38. Ng4 h5 39. Nf2 Qe5 40. Rc8 Ra1+
41. Nd1 Kg7 42. Kf2 Nf6 43. Qc5 Ne4+ 0-1

[Event "European Blitz Championship 2021"]
[Site "Katowice"]
[Date "2021.12.17"]
[Round "12"]
[White "Paprocki, Jaroslaw"]
[Black "Skawinski, Arkadiusz"]
[Result "0-1"]
[WhiteElo "2165"]
[BlackElo "2184"]
[Annotator "NA"]
[PlyCount "72"]
[EventDate "2021.12.17"]
[EventType "swiss"]
[EventCountry "POL"]
[SourceTitle "playchess.com"]
[Source "ChessBase"]
[SourceQuality "1"]

1. Nf3 d5 2. e3 Nf6 3. c4 e6 4. Nc3 c5 5. d4 Nc6 6. a3 cxd4 7. exd4 Bd6 8. Bg5
dxc4 9. Bxc4 h6 10. Be3 O-O 11. O-O Ne7 12. Rc1 b6 13. Ne5 Bb7 14. f4 Ned5 15.
Nxd5 Nxd5 16. Qe2 Rc8 17. Bd3 Qe7 18. Bb1 Rfd8 19. Bd2 Rc7 20. Rxc7 Qxc7 21.
Rc1 Qe7 22. Qd3 f5 23. Ba2 Bxe5 24. fxe5 Qh4 25. Bxd5 Bxd5 26. Be3 Qg4 27. Qd2
Rd7 28. h3 Qe4 29. Kh2 Kh7 30. Rc3 Rf7 31. Bf4 g5 32. Be3 f4 33. Bg1 f3 34. Re3
Qf4+ 35. g3 f2 36. Qd3+ Qf5 0-1

[Event "European Blitz Championship 2021"]
[Site "Katowice"]
[Date "2021.12.17"]
[Round "12"]
[White "Rudnicki, Milosz"]
[Black "Malik, Maciej"]
[Result "0-1"]
[WhiteElo "2161"]
[BlackElo "1987"]
[Annotator "NA"]
[PlyCount "108"]
[EventDate "2021.12.17"]
[EventType "swiss"]
[EventCountry "POL"]
[SourceTitle "playchess.com"]
[Source "ChessBase"]
[SourceQuality "1"]

1. d4 Nf6 2. Bf4 c5 3. e3 Nd5 4. Bg3 cxd4 5. exd4 Qb6 6. b3 e5 7. c3 exd4 8.
Qxd4 Qxd4 9. cxd4 Bb4+ 10. Kd1 Nc6 11. Nf3 O-O 12. Bc4 Nb6 13. a3 Be7 14. d5
Na5 15. Nbd2 Bf6 16. Rb1 Naxc4 17. bxc4 Na4 18. Kc2 d6 19. Rb4 Bf5+ 20. Kc1 Nc5
21. Bxd6 Nd3+ 22. Kd1 Rfe8 23. Rf1 Nxb4 24. axb4 a5 25. b5 a4 26. Ba3 Rac8 27.
Re1 Red8 28. h3 Bd3 29. d6 Bxc4 30. Nxc4 Rxc4 31. Re3 Rc3 32. Rxc3 Bxc3 33. Kc2
Bf6 34. Kd3 g6 35. Kc4 b6 36. Kd5 Kg7 37. Kc6 Bc3 38. Ng5 h6 39. Ne4 Bd4 40. f4
f5 41. Nd2 Kf7 42. Nc4 Ke6 43. Nd2 g5 44. g3 gxf4 45. gxf4 Be3 46. Nc4 Bxf4 47.
Nxb6 Bxd6 48. Nxa4 Bxa3 49. b6 Bd6 50. Nc3 Be5 51. Nb5 h5 52. b7 f4 53. Nc7+
Bxc7 54. Kxc7 Rh8 0-1

[Event "European Blitz Championship 2021"]
[Site "Katowice"]
[Date "2021.12.17"]
[Round "12"]
[White "Kacprzak, Karol"]
[Black "Cyboran, Katarzyna"]
[Result "1-0"]
[WhiteElo "2155"]
[BlackElo "1771"]
[Annotator "NA"]
[PlyCount "79"]
[EventDate "2021.12.17"]
[EventType "swiss"]
[EventCountry "POL"]
[SourceTitle "playchess.com"]
[Source "ChessBase"]
[SourceQuality "1"]

1. e4 e6 2. d4 d5 3. Nc3 Nf6 4. Bg5 Be7 5. e5 Nfd7 6. h4 c5 7. Bxe7 Qxe7 8. Nb5
cxd4 9. Nd6+ Kd8 10. f4 Nc6 11. Nf3 f6 12. Bb5 fxe5 13. Bxc6 Qxd6 14. Bxd7 Qb4+
15. Qd2 Qxb2 16. O-O Bxd7 17. Nxe5 Rf8 18. Rab1 Qc3 19. Qxc3 dxc3 20. Rxb7 Ba4
21. Rf3 d4 22. Rd3 Kc8 23. Rb4 Bxc2 24. Rdxd4 Rb8 25. Rxb8+ Kxb8 26. Nd7+ Kc7
27. Nxf8 Kb6 28. Rc4 Bb1 29. Rb4+ Kc5 30. Rxb1 Kc4 31. Nxe6 Kd3 32. Nc5+ Kd2
33. Nb3+ Kc2 34. Rc1+ Kb2 35. Kf2 a5 36. Re1 a4 37. Nd4 Kxa2 38. Rc1 Kb2 39.
Rc2+ Kb1 40. Rxc3 1-0

[Event "European Blitz Championship 2021"]
[Site "Katowice"]
[Date "2021.12.17"]
[Round "12"]
[White "Rigopoulos-Tsigkos, Alexandros"]
[Black "Motylev, Alexander"]
[Result "0-1"]
[WhiteElo "2152"]
[BlackElo "2633"]
[Annotator "RC"]
[PlyCount "90"]
[EventDate "2021.12.17"]
[EventType "swiss"]
[EventCountry "POL"]
[SourceTitle "playchess.com"]
[Source "ChessBase"]
[SourceQuality "1"]

1. e4 c6 2. d4 d5 3. e5 c5 4. dxc5 e6 5. Be3 Nd7 6. Nf3 Qc7 7. Bd4 Bxc5 8. Bxc5
Qxc5 9. c3 Ne7 10. Bd3 Qc7 11. Qa4 Nc6 12. O-O Nc5 13. Qc2 Nxe5 14. Bb5+ Bd7
15. Bxd7+ Ncxd7 16. Nbd2 O-O 17. Rae1 h6 18. Nd4 Nc6 19. N4f3 Rae8 20. Qd3 Nc5
21. Qe3 b6 22. Nb3 Nxb3 23. axb3 a5 24. Rd1 Rd8 25. g4 e5 26. Kg2 f5 27. h3 e4
28. Nh4 f4 29. Qd2 f3+ 30. Kh1 Ne7 31. Rg1 g5 32. Nf5 Nxf5 33. gxf5 Rxf5 34.
Qe3 Qc6 35. c4 Qe6 36. Rg3 Kh7 37. Qd4 Qf6 38. Qd2 d4 39. c5 e3 40. fxe3 f2 41.
exd4 f1=Q+ 42. Rxf1 Rxf1+ 43. Kg2 Rf8 44. Qd3+ Kh8 45. Qe3 Qf2+ 0-1

[Event "European Blitz Championship 2021"]
[Site "Katowice"]
[Date "2021.12.17"]
[Round "12"]
[White "Zylka, Stanislaw"]
[Black "Kjartansson, Gudmundur"]
[Result "0-1"]
[WhiteElo "2143"]
[BlackElo "2382"]
[Annotator "NA"]
[PlyCount "74"]
[EventDate "2021.12.17"]
[EventType "swiss"]
[EventCountry "POL"]
[SourceTitle "playchess.com"]
[Source "ChessBase"]
[SourceQuality "1"]

1. d4 d5 2. c4 e6 3. Nc3 c6 4. e4 dxe4 5. Nxe4 Bb4+ 6. Bd2 Qxd4 7. Bxb4 Qxe4+
8. Be2 Na6 9. Bd6 Qxg2 10. Qd2 Nf6 11. Bf3 Qg6 12. Ne2 e5 13. O-O-O Be6 14. Qa5
e4 15. Rhg1 Qf5 16. Qxf5 Bxf5 17. Nd4 Bg6 18. Be2 O-O-O 19. c5 Nb4 20. a3 Nd3+
21. Bxd3 exd3 22. f3 Rhe8 23. Kd2 Nd5 24. b4 Ne3 25. Rc1 Nf5 26. Nxf5 Bxf5 27.
Rxg7 Re2+ 28. Kc3 Bg6 29. h4 Rc2+ 30. Rxc2 dxc2 31. Kd2 Re8 32. Bf4 h5 33. Bh6
Kd7 34. f4 Ke6 35. f5+ Kxf5 36. Kc1 Kf6 37. a4 Rh8 0-1

[Event "European Blitz Championship 2021"]
[Site "Katowice"]
[Date "2021.12.17"]
[Round "12"]
[White "Bognar, Csaba"]
[Black "Bauer, Thomas"]
[Result "0-1"]
[WhiteElo "2135"]
[BlackElo "2204"]
[Annotator "NA"]
[PlyCount "114"]
[EventDate "2021.12.17"]
[EventType "swiss"]
[EventCountry "POL"]
[SourceTitle "playchess.com"]
[Source "ChessBase"]
[SourceQuality "1"]

1. d4 Nf6 2. c4 c5 3. d5 e6 4. Nc3 exd5 5. Nxd5 Nxd5 6. Qxd5 Nc6 7. Qd1 Be7 8.
e4 O-O 9. Bd3 d6 10. Ne2 Rb8 11. O-O a6 12. a4 Re8 13. Be3 Bf6 14. Rb1 Nb4 15.
b3 Be6 16. Qd2 Qe7 17. Rbd1 Rbd8 18. Bb1 b5 19. axb5 axb5 20. Bd3 bxc4 21. Bxc4
Bxc4 22. bxc4 Qxe4 23. Rc1 h6 24. Rfd1 Be5 25. Ng3 Qg6 26. Ne2 Ra8 27. Nc3 Qh5
28. h3 Ra3 29. Nd5 Rd3 30. Qe1 Rxd1 31. Qxd1 Qxd1+ 32. Rxd1 Rb8 33. Nc7 Nc2 34.
Nb5 Rb6 35. Bc1 Nd4 36. Nxd4 Bxd4 37. Be3 Be5 38. f4 Bf6 39. Bf2 h5 40. Bg3 Kf8
41. f5 Bd4+ 42. Bf2 Be5 43. Be3 Ke7 44. Rd2 Rb1+ 45. Kf2 Rb3 46. Kf3 h4 47. Rc2
Bd4 48. Re2 Kf6 49. Ke4 Rxe3+ 50. Rxe3 Bxe3 51. Kxe3 Kxf5 52. Kf3 g5 53. Ke3
Ke5 54. Kf3 f5 55. Ke3 d5 56. Kd3 d4 57. Ke2 Ke4 0-1

[Event "European Blitz Championship 2021"]
[Site "Katowice"]
[Date "2021.12.17"]
[Round "12"]
[White "Bogdanov, Ignat"]
[Black "Diermair, Andreas"]
[Result "*"]
[WhiteElo "2116"]
[BlackElo "2357"]
[Annotator "NA"]
[PlyCount "27"]
[EventDate "2021.12.17"]
[EventType "swiss"]
[EventCountry "POL"]
[SourceTitle "playchess.com"]
[Source "ChessBase"]
[SourceQuality "1"]

1. d4 d5 2. Nf3 Nf6 3. g3 c5 4. Bg2 Nc6 5. O-O Bf5 6. c4 e6 7. Nc3 Be7 8. dxc5
Bxc5 9. cxd5 exd5 10. Bg5 d4 11. Na4 Bb6 12. Rc1 O-O 13. Nc5 Bxc5 14. Rxc5 *

[Event "European Blitz Championship 2021"]
[Site "Katowice"]
[Date "2021.12.17"]
[Round "12"]
[White "Povilaitis, Tomas"]
[Black "Kukula, Pawel"]
[Result "0-1"]
[WhiteElo "2101"]
[BlackElo "2191"]
[Annotator "NA"]
[PlyCount "132"]
[EventDate "2021.12.17"]
[EventType "swiss"]
[EventCountry "POL"]
[SourceTitle "playchess.com"]
[Source "ChessBase"]
[SourceQuality "1"]

1. e4 Nc6 2. d4 e5 3. d5 Nce7 4. Nc3 Nf6 5. Nf3 Ng6 6. Be2 Bc5 7. O-O d6 8. h3
a6 9. Nh2 O-O 10. Ng4 Nh5 11. Nxe5 Ng3 12. Nxg6 fxg6 13. Be3 Bxe3 14. fxe3 Nxf1
15. Bxf1 Qg5 16. Kh1 Qxe3 17. Qe1 Qf4 18. Rd1 Bd7 19. Bd3 Rae8 20. Ne2 Qe3 21.
Qh4 g5 22. Qg3 Qxg3 23. Nxg3 g6 24. Kg1 h5 25. Re1 Kg7 26. b4 b5 27. a3 g4 28.
h4 Rf4 29. c4 c6 30. Rc1 bxc4 31. Rxc4 cxd5 32. Rc7 Rf7 33. Bxa6 dxe4 34. Rxd7
Rxd7 35. Bb5 Rdd8 36. Bxe8 Rxe8 37. Kf2 Kf6 38. Ke3 d5 39. Kd4 Ke6 40. Ne2 Kd6
41. Nc3 e3 42. Ne2 Re4+ 43. Kd3 Ke5 44. g3 Kd6 45. Nc3 Re8 46. Ne2 Ra8 47. Kxe3
Rxa3+ 48. Kf4 Ke6 49. Kg5 Kf7 50. Kf4 Rb3 51. Ke5 Rxb4 52. Kxd5 Rb3 53. Nd4
Rxg3 54. Ke5 Rh3 55. Kf4 Rxh4 56. Kg5 Rh1 57. Ne2 Rf1 58. Ng3 Rf5+ 59. Kh4 Kf6
60. Ne4+ Ke5 61. Ng3 Rf3 62. Ne2 Rh3+ 63. Kg5 g3 64. Ng1 Rh1 65. Nf3+ Ke4 66.
Nh4 Ke3 0-1

[Event "European Blitz Championship 2021"]
[Site "Katowice"]
[Date "2021.12.17"]
[Round "12"]
[White "Froewis, Annika"]
[Black "Sumets, Andrey"]
[Result "0-1"]
[WhiteElo "2100"]
[BlackElo "2527"]
[Annotator "ChessBase"]
[PlyCount "84"]
[EventDate "2021.12.17"]
[EventType "swiss"]
[EventCountry "POL"]
[SourceTitle "playchess.com"]
[Source "ChessBase"]
[SourceQuality "1"]

1. e4 e6 2. d4 d5 3. Nc3 Nf6 4. e5 Nfd7 5. Nf3 c5 6. dxc5 Nc6 7. Bf4 Be7 8. Bd3
Nxc5 9. O-O a6 10. a3 b5 11. Re1 Bb7 12. Ne2 Rc8 13. c3 Nxd3 14. Qxd3 Na5 15.
h4 Bxh4 16. Nxh4 Qxh4 17. Qe3 Nc4 18. Qa7 Qe7 19. b3 Na5 20. b4 Nc6 21. Qb6 O-O
22. Nd4 Nxd4 23. cxd4 Rc6 24. Qa5 Rc4 25. a4 Qxb4 26. axb5 axb5 27. Qxb4 Rxb4
28. Rab1 Rxd4 29. Be3 Re4 30. Rxb5 Ba6 31. Rb6 Bc4 32. f4 g5 33. g3 Ra8 34. Rb2
Ra3 35. Bf2 gxf4 36. Rxe4 dxe4 37. gxf4 e3 38. Be1 Ra1 39. Rg2+ Kf8 40. Rc2
Rxe1+ 41. Kg2 Re2+ 42. Rxe2 Bxe2 0-1

[Event "European Blitz Championship 2021"]
[Site "Katowice"]
[Date "2021.12.17"]
[Round "12"]
[White "Molenda, Marcin"]
[Black "Reimanis, Ritvars"]
[Result "0-1"]
[WhiteElo "2097"]
[BlackElo "2397"]
[Annotator "NA"]
[PlyCount "84"]
[EventDate "2021.12.17"]
[EventType "swiss"]
[EventCountry "POL"]
[SourceTitle "playchess.com"]
[Source "ChessBase"]
[SourceQuality "1"]

1. d4 Nf6 2. c4 e6 3. Nf3 d5 4. g3 Be7 5. Bg2 O-O 6. O-O dxc4 7. Qc2 b5 8. a4
b4 9. Nfd2 c6 10. Nxc4 Qxd4 11. Rd1 Qc5 12. Be3 Qh5 13. Nbd2 Nd5 14. Bd4 Nd7
15. e4 N5f6 16. e5 Nd5 17. Ne4 Ba6 18. f4 Qg6 19. Rac1 h5 20. Qf2 b3 21. Ncd6
c5 22. Nxc5 Nxc5 23. Rxc5 Bxd6 24. exd6 Rad8 25. Be5 f6 26. Bd4 Rxd6 27. Re1
Bb7 28. a5 a6 29. f5 Qxf5 30. Qxf5 exf5 31. Bf2 Rd7 32. Rd1 Rfd8 33. Rd2 Ne7
34. Rxd7 Rxd7 35. Bxb7 Rxb7 36. Bd4 h4 37. gxh4 f4 38. Bc3 Rd7 39. Kf2 Nd5 40.
Rc8+ Kf7 41. Ra8 Nxc3 42. bxc3 Rb7 0-1

[Event "European Blitz Championship 2021"]
[Site "Katowice"]
[Date "2021.12.17"]
[Round "12"]
[White "Karolczuk, Iwo"]
[Black "Kacprzak, Kacper"]
[Result "1/2-1/2"]
[WhiteElo "2093"]
[BlackElo "2245"]
[Annotator "NA"]
[PlyCount "50"]
[EventDate "2021.12.17"]
[EventType "swiss"]
[EventCountry "POL"]
[SourceTitle "playchess.com"]
[Source "ChessBase"]
[SourceQuality "1"]

1. d4 Nf6 2. Nf3 e6 3. e3 d5 4. c4 a6 5. Nbd2 c5 6. cxd5 exd5 7. dxc5 Bxc5 8.
Nb3 Be7 9. Be2 Nc6 10. O-O O-O 11. Nbd4 Bg4 12. h3 Bh5 13. b3 Qd7 14. Bb2 Bxf3
15. Bxf3 Rac8 16. Rc1 Rfd8 17. Qe2 Ne5 18. Rfd1 h6 19. Qd2 Nxf3+ 20. Nxf3 Ne4
21. Qd3 Bf6 22. Bxf6 Nxf6 23. Qd4 Rxc1 24. Rxc1 Rc8 25. Rxc8+ Qxc8 1/2-1/2

[Event "European Blitz Championship 2021"]
[Site "Katowice"]
[Date "2021.12.17"]
[Round "12"]
[White "Sotsky, Alexander"]
[Black "Budrewicz, Krzysztof"]
[Result "1-0"]
[WhiteElo "2087"]
[BlackElo "2183"]
[Annotator "NA"]
[PlyCount "117"]
[EventDate "2021.12.17"]
[EventType "swiss"]
[EventCountry "POL"]
[SourceTitle "playchess.com"]
[Source "ChessBase"]
[SourceQuality "1"]

1. d4 Nf6 2. Bg5 d5 3. e3 e6 4. Nd2 Be7 5. Bxf6 Bxf6 6. f4 O-O 7. Ngf3 c5 8. c3
Nc6 9. Bd3 cxd4 10. exd4 a5 11. Qe2 a4 12. a3 Bd7 13. h4 b5 14. Ng5 h6 15. Ndf3
Na5 16. g4 Nc4 17. Nh7 Re8 18. g5 Be7 19. gxh6 g6 20. Nhg5 Qc7 21. Ne5 Bxg5 22.
hxg5 Nxe5 23. fxe5 b4 24. cxb4 Qd8 25. Qe3 Qe7 26. Rc1 Rec8 27. Kd2 Kh7 28. Rc3
Rxc3 29. bxc3 Rc8 30. Rf1 Be8 31. Rf6 Qc7 32. Bc2 Kg8 33. Qf4 Qe7 34. Qf2 Qc7
35. Qf3 Qe7 36. Qh3 Kh7 37. Qf3 Qc7 38. Qg3 Qc4 39. Rf3 Qc7 40. Qf4 Qe7 41. Qf6
Qxf6 42. Rxf6 Kg8 43. Bd3 Rc7 44. Rf1 Kf8 45. Rc1 Rc8 46. c4 dxc4 47. Rxc4 Rd8
48. Ke3 Bb5 49. Rc5 Be8 50. b5 Rb8 51. Bc4 Kg8 52. Kd3 Kf8 53. Kc3 Rd8 54. Rc7
Kg8 55. b6 Rb8 56. b7 Kf8 57. h7 Kg7 58. Bxe6 Kxh7 59. Bxf7 1-0

[Event "European Blitz Championship 2021"]
[Site "Katowice"]
[Date "2021.12.17"]
[Round "12"]
[White "Czerw, Dawid"]
[Black "Kos, Pawel"]
[Result "1-0"]
[WhiteElo "2075"]
[BlackElo "2234"]
[Annotator "NA"]
[PlyCount "87"]
[EventDate "2021.12.17"]
[EventType "swiss"]
[EventCountry "POL"]
[SourceTitle "playchess.com"]
[Source "ChessBase"]
[SourceQuality "1"]

1. d4 Nf6 2. c4 g6 3. Nc3 d5 4. cxd5 Nxd5 5. Bd2 Bg7 6. e4 Nb6 7. Be3 O-O 8. h3
Nc6 9. Nf3 f5 10. e5 f4 11. Bc1 Bf5 12. a3 Kh8 13. Bb5 a6 14. Be2 Be6 15. O-O
Na5 16. Ng5 Bb3 17. Qd3 Rf5 18. Nge4 Bc4 19. Qd1 f3 20. Bxf3 Bxf1 21. Kxf1 c6
22. Bg4 Rf8 23. Ng5 Qb8 24. Be6 Nac4 25. b3 Na5 26. Be3 Qd8 27. Rb1 Nd5 28.
Nxd5 cxd5 29. Nf7+ Rxf7 30. Bxf7 Nc6 31. Be6 Qa5 32. Qc2 Qxa3 33. Kg1 Rf8 34.
Qc3 Qb4 35. Rc1 Qxc3 36. Rxc3 Rd8 37. Rc5 Nb4 38. Bd2 Nc6 39. Bc3 Bxe5 40. dxe5
d4 41. Bd2 d3 42. Rd5 Rf8 43. Rxd3 Nxe5 44. Bc3 1-0

[Event "European Blitz Championship 2021"]
[Site "Katowice"]
[Date "2021.12.17"]
[Round "12"]
[White "Grzadka, Marcin"]
[Black "Walter, Szymon"]
[Result "0-1"]
[WhiteElo "2057"]
[BlackElo "2277"]
[Annotator "NA"]
[PlyCount "50"]
[EventDate "2021.12.17"]
[EventType "swiss"]
[EventCountry "POL"]
[SourceTitle "playchess.com"]
[Source "ChessBase"]
[SourceQuality "1"]

1. d4 Nf6 2. c3 g6 3. Bg5 Bg7 4. f3 d5 5. Qd2 h6 6. Bf4 h5 7. h4 Bf5 8. e3 Nbd7
9. Bd3 e6 10. Nh3 c5 11. Nf2 Bxd3 12. Nxd3 Qb6 13. Na3 Rc8 14. Nc2 O-O 15.
O-O-O Qa5 16. Kb1 Rc6 17. g4 Ra6 18. a3 Qb5 19. Be5 Rb6 20. Na1 c4 21. Nc1 Nxe5
22. dxe5 Nd7 23. f4 Nc5 24. gxh5 Ne4 25. Qg2 Nxc3+ 0-1

[Event "European Blitz Championship 2021"]
[Site "Katowice"]
[Date "2021.12.17"]
[Round "12"]
[White "Sutbas, Batuhan"]
[Black "Tymrakiewicz, Rafal"]
[Result "0-1"]
[WhiteElo "1965"]
[BlackElo "2172"]
[Annotator "NA"]
[PlyCount "58"]
[EventDate "2021.12.17"]
[EventType "swiss"]
[EventCountry "POL"]
[SourceTitle "playchess.com"]
[Source "ChessBase"]
[SourceQuality "1"]

1. e4 Nf6 2. e5 Nd5 3. c4 Nb6 4. d4 d6 5. exd6 cxd6 6. Nf3 g6 7. Nc3 Bg7 8. Be3
O-O 9. Be2 Bg4 10. b3 Nc6 11. Rc1 d5 12. c5 Nc8 13. h3 Bxf3 14. Bxf3 e6 15. O-O
N8e7 16. g4 f5 17. Qd2 f4 18. Bxf4 g5 19. Bxg5 Rxf3 20. Nb5 Qd7 21. Kg2 Raf8
22. Be3 Ng6 23. Rcd1 h5 24. Nd6 hxg4 25. hxg4 e5 26. Nf5 Nh4+ 27. Kh2 Nxf5 28.
gxf5 Qxf5 29. Rh1 exd4 0-1

[Event "European Blitz Championship 2021"]
[Site "Katowice"]
[Date "2021.12.17"]
[Round "12"]
[White "Kolesnikovs, Ivans"]
[Black "Sliwicka, Alicja"]
[Result "0-1"]
[WhiteElo "1941"]
[BlackElo "2155"]
[Annotator "NA"]
[PlyCount "60"]
[EventDate "2021.12.17"]
[EventType "swiss"]
[EventCountry "POL"]
[SourceTitle "playchess.com"]
[Source "ChessBase"]
[SourceQuality "1"]

1. Nf3 c5 2. e4 d6 3. d4 cxd4 4. Nxd4 Nf6 5. Nc3 Bd7 6. g3 Nc6 7. Bg2 g6 8. O-O
Bg7 9. Nd5 Nxd5 10. Nxc6 bxc6 11. exd5 c5 12. Rb1 O-O 13. Re1 Rb8 14. Qe2 Re8
15. c4 Bf5 16. Be4 Bxe4 17. Qxe4 Qa5 18. a3 Rb3 19. Kf1 Bf6 20. Bf4 Reb8 21.
Re2 Qc7 22. h4 h5 23. Bg5 Bxg5 24. hxg5 Kf8 25. g4 Rh3 26. Kg2 Rbb3 27. gxh5
Rxh5 28. Re3 Rxe3 29. Qxe3 Qd7 30. Qg3 Qf5 0-1

[Event "European Blitz Championship 2021"]
[Site "Katowice"]
[Date "2021.12.17"]
[Round "12"]
[White "Warchol, Kamil"]
[Black "Mis, Mieszko"]
[Result "1-0"]
[WhiteElo "1706"]
[BlackElo "2200"]
[Annotator "NA"]
[PlyCount "143"]
[EventDate "2021.12.17"]
[EventType "swiss"]
[EventCountry "POL"]
[SourceTitle "playchess.com"]
[Source "ChessBase"]
[SourceQuality "1"]

1. e4 g6 2. d4 Bg7 3. Nc3 a6 4. Be3 b5 5. f3 d6 6. Qd2 Nd7 7. Nge2 Bb7 8. g4
Rc8 9. h4 h6 10. Ng3 e6 11. g5 h5 12. f4 Ne7 13. Bg2 Nb6 14. b3 c5 15. O-O-O
Qc7 16. dxc5 dxc5 17. Nce2 O-O 18. Qd6 Rfe8 19. Qxc7 Rxc7 20. Rhf1 Nf5 21. Bf2
Nxh4 22. Bh1 a5 23. Nxh5 gxh5 24. Bxh4 a4 25. Ng3 axb3 26. cxb3 Ra8 27. Rf2 Bd4
28. Rc2 Be3+ 29. Kb2 Bxf4 30. Nxh5 Be5+ 31. Kb1 Ba6 32. Nf6+ Kf8 33. Bf2 Rac8
34. Rdc1 Bf4 35. Bxc5+ Rxc5 36. Rxc5 Bxc1 37. Rxc8+ Nxc8 38. Kxc1 b4 39. Kd2
Nd6 40. Nd7+ Ke7 41. Nc5 Bb5 42. Bf3 e5 43. Be2 Bc6 44. Ke3 Kf8 45. Bh5 Kg7 46.
Bf3 Kg6 47. Nd3 Kxg5 48. Nxe5 Bb7 49. Nd7 f6 50. Nc5 Bc6 51. Ne6+ Kg6 52. Nd4
Bd7 53. Nc2 Nb5 54. Nxb4 Nc3 55. a4 Kf7 56. Kd4 Nxa4 57. bxa4 Bxa4 58. Be2 Bd7
59. Bc4+ Kg6 60. Kd5 Bg4 61. Kd6 Bf3 62. Bd5 Kg5 63. Nd3 Bg2 64. Ke6 Bh3+ 65.
Ke7 Bg2 66. Nc5 f5 67. Ne6+ Kh6 68. exf5 Bxd5 69. f6 Bxe6 70. Kxe6 Kh7 71. Ke7
Kg6 72. f7 1-0